| 000 -LEADER |
| fixed length control field |
00599cam a22001937a 4500 |
| 008 - FIXED-LENGTH DATA ELEMENTS--GENERAL INFORMATION |
| fixed length control field |
180718b2001 xxu||||| |||| 00| 0 eng d |
| 020 ## - INTERNATIONAL STANDARD BOOK NUMBER |
| International Standard Book Number |
0700713891 |
| 082 ## - DEWEY DECIMAL CLASSIFICATION NUMBER |
| Classification number |
AB45 Sh11 |
| 245 ## - TITLE STATEMENT |
| Title |
Sikh religion, culture and ethnicity |
| Statement of responsibility, etc. |
edited by Christopher Shackle, Gurharpal Singh and Arvind-Pal Mandair |
| 260 ## - PUBLICATION, DISTRIBUTION, ETC. |
| Place of publication, distribution, etc. |
Richmond |
| Name of publisher, distributor, etc. |
Curzon Press |
| Date of publication, distribution, etc. |
2001 |
| 300 ## - PHYSICAL DESCRIPTION |
| Extent |
220p. |
| 650 ## - SUBJECT ADDED ENTRY--TOPICAL TERM |
| Topical term or geographic name entry element |
Religion and culture |
| 650 ## - SUBJECT ADDED ENTRY--TOPICAL TERM |
| Topical term or geographic name entry element |
Ethnicity |
| 650 ## - SUBJECT ADDED ENTRY--TOPICAL TERM |
| Topical term or geographic name entry element |
Sikh - Ethnic identity |
| 650 ## - SUBJECT ADDED ENTRY--TOPICAL TERM |
| Topical term or geographic name entry element |
Sikhism - India |
| 700 ## - ADDED ENTRY--PERSONAL NAME |
| Personal name |
Mandair, Arvind-Pal Singh |
| 700 ## - ADDED ENTRY--PERSONAL NAME |
| Personal name |
Singh, Gurharpal |
| 700 ## - ADDED ENTRY--PERSONAL NAME |
| Personal name |
Shackle, Christopher |